Principles of surveying (Record no. 5955)

000 -LEADER
fixed length control field 00477nam a2200193 i 4500
001 - CONTROL NUMBER
control field 5955
003 - CONTROL NUMBER IDENTIFIER
control field BD-DhUET
008 - FIXED-LENGTH DATA ELEMENTS--GENERAL INFORMATION
fixed length control field 770818s1978 vaua 001 0 eng
020 ## - INTERNATIONAL STANDARD BOOK NUMBER
International Standard Book Number 0879096209
040 ## - CATALOGING SOURCE
Original cataloging agency DLC
Transcribing agency DLC
Modifying agency BD-DhUET
082 00 - DEWEY DECIMAL CLASSIFICATION NUMBER
Classification number 526.9
Item number HEB/1978
100 ## - MAIN ENTRY--PERSONAL NAME
Personal name Herubin, Charles A.
245 10 - TITLE STATEMENT
Title Principles of surveying
250 ## - EDITION STATEMENT
Edition statement 2nd ed.
260 ## - PUBLICATION, DISTRIBUTION, ETC. (IMPRINT)
Place of publication, distribution, etc. Virginia
Name of publisher, distributor, etc. Reston Publishing
Date of publication, distribution, etc. 1978
300 ## - PHYSICAL DESCRIPTION
Extent x, 323 p.
Other physical details ill.
Dimensions 24 cm.
650 #0 - SUBJECT ADDED ENTRY--TOPICAL TERM
Topical term or geographic name as entry element Surveying
942 ## - ADDED ENTRY ELEMENTS (KOHA)
Koha item type General Book
Holdings
Location (home branch) Copy number Sublocation or collection (holding branch) Koha item type Koha date last borrowed Damaged status Koha full call number Piece designation (barcode) Date acquired Source of classification or shelving scheme Shelving location Koha date last seen Lost status Koha normalized classification for sorting Not for loan Withdrawn status Price effective from Koha issues (times borrowed)
Central Library, BUET2Central Library, BUETGeneral Book2023-06-11 526.9/HEB/1978717872014-11-29 Circulation section2023-06-21 526_900000000000000_HEB_1978  2014-11-291
Central Library, BUET3Central Library, BUETGeneral Book  526.9/HEB/1978721012014-12-02 Circulation section2017-01-29 526_900000000000000_HEB_1978  2014-12-02 
Central Library, BUET4Central Library, BUETGeneral Book  526.9/HEB/1978480102015-03-07 Circulation section2015-03-07 526_900000000000000_HEB_1978  2015-03-07 
Central Library, BUET5Central Library, BUETGeneral Book  526.9/HEB/1978480092015-03-07 Circulation section2015-03-07 526_900000000000000_HEB_1978  2015-03-07